• 首页
  • 本馆介绍
  • 公告通知
  • 最新文献
  • 馆藏检索
  • 电子资源
  • 读者导购
  • 参考咨询
  • 我的图书馆
  • 登录
  • 详细信息显示
  • 放入我的书架
  • 预约/预借图书
  • 作者相关作品
  • 分类相关作品
  • 丛书相关作品
  • 出版社相关作品

书目信息

  • 表格格式
  • 工作单格式
  • 卡片格式
题名:
黑色的雾
    
 
作者: 弗里奇 著 ;孙圣聚 译
分册:  
出版信息: 北京   经济日报出版社  1990.06
页数: 267页
开本: 19cm
丛书名:
单 册:
中图分类: D55
科图分类:
主题词: 政治事件--世界 , 政治事件
电子资源:
ISBN: 7-80036-250-7
000 00775nam0 2200229 45
001 0404211051
005 20050627155602.7
010    @a7-80036-250-7@dCNY3.10
100    @a20040421d1990 km y0chiy0120 ea
101 0  @achi
105    @a z 000yy
200 1  @a黑色的雾@AHei Se De Wu@e世界重大贿赂事件揭秘@EShi Jie Zhong Da Hui Lu Shi Jian Jie Mi@f(民主德国)彼得·M·弗里奇著@F(Min Zhu De Guo)Bi De·M·Fu Li Qi Zhu@g孙圣聚等译
210    @a北京@c经济日报出版社@d1990.06
215    @a267页@d19cm
517    @a世界重大贿赂事件揭秘@AShi Jie Zhong Da Hui Lu Shi Jian Jie Mi
606 0  @a政治事件@x世界
606 0  @a政治事件
690    @aD55@v3
701  0 @a弗里奇@4著
702  0 @a孙圣聚@ASun Sheng Ju@4译
801    @aCN@bPftUser@c20040421
905    @dD55@e58@f1@b262569
    
    黑色的雾:世界重大贿赂事件揭秘/(民主德国)彼得·M·弗里奇著/孙圣聚等译.-北京:经济日报出版社,1990.06
    267页;19cm
    
    
    ISBN 7-80036-250-7:CNY3.10
    
●
相关链接 在E读中查询图书 在五车中查询图书 在当当中查询图书 在豆瓣中查询图书


正题名:黑色的雾     索取号:D55/58         预约/预借

序号 登录号 条形码 馆藏地/架位号 状态 备注
1 0262569   000483444   第一样本阅览室/ [索取号:D55/58] 在馆    
2 0262570   000483462   密集书库/ [索取号:D55/58] 在馆    
3 0262571   000483453   密集书库/ [索取号:D55/58] 在馆    
唐山师范学院图书馆 欢迎您!
大连网信软件有限公司© 版权所有